Time-frequency analysis of acoustic emission pulses generated by partial discharges

Bibliographic Details
Main Author: Boczar, Tomasz 1968- (Author)
Format: Article
Language:Slovak
English
PhysicalDescription:Grafy, tab.
ISSN:1335-3632
Subjects:

MARC

LEADER 00000nab a2200000 a 4500
001 vtls000849886
003 SK-MaSNL
005 20260304105025.0
008 250429c2003 xo 0 slo
015 |a SNBRB2003/10-30064 
035 |a CLN000201541 
035 |a urn:nbn:sk:snk-abqz5 
035 |a (urnnbn)urn:nbn:sk:snk:ar-a03qwi 
035 |a (uuid)7ad10d79-9e90-4f14-b2b1-7569766e6566 
040 |a SNKBUCL  |b slo  |c SNKBUCL  |e AACR2 
041 0 |a eng 
044 |a xo  |c SK 
080 |a 621.315.615.015.5:620.179.17  |2 1997 
080 |a 620.179.17  |2 1997 
080 |a 537.52  |2 1997 
100 1 |a Boczar, Tomasz  |d 1968-  |4 aut  |9 1405812 
245 1 0 |a Time-frequency analysis of acoustic emission pulses generated by partial discharges  |c Tomasz Boczar 
300 |b Grafy, tab. 
504 |a Bibliogr. odkazy 
504 |a Res. angl. 
504 |a Biogr. údaje 
650 0 7 |a elektrická izolácia  |2 snkbucl  |9 51358 
650 0 7 |a emisia akustická  |2 snkbucl  |9 931517 
650 0 7 |a výboje čiastkové  |2 snkbucl  |9 925266 
655 7 |a články z novín a časopisov  |2 snkbucl  |9 267496 
773 0 |t Journal of electrical engineering  |g Roč. 54, č. 3-4 (2003), s. 63-68  |x 1335-3632 
850 |a Slovenská národná knižnica 
852 |a Slovenská národná knižnica 
958 |a article27 
958 |a NB 
958 |a OND 
958 |a EUIPO 
999 |c 2853982  |d 2855912